LEADER 00916nam0-22003371i-450 001 990001224680403321 005 20220620154406.0 035 $a000122468 035 $aFED01000122468 035 $a(Aleph)000122468FED01 035 $a000122468 100 $a20000920d1982----km-y0itay50------ba 101 1$aeng 200 1 $aFisica moderna$fRonald Gautreau, William Savin 210 $aMilano ; Venezia$cGruppo Editoriale Fabbri$d1982 225 1 $aCollana Schaum$v50 300 $aSulla cop.: 486 problemi risolti 610 0 $aP.S.S.C. 610 0 $aEsercizi di fisica 700 1$aGautreau,$bRonald$046472 702 1$aSavin,$bWilliam 801 0$aIT$bUNINA$gRICA$2UNIMARC 901 $aBK 912 $a990001224680403321 952 $aC-10-(50$b7607$fMA1 952 $a20D-160$b25205$fFI1 959 $aMA1 959 $aFI1 996 $aFisica moderna$91500925 997 $aUNINA DB $aING01 LEADER 00837nam a2200241 i 4500 001 991000115189707536 008 031118s it 000 0 ita d 020 $a8813168780 035 $ab12572408-39ule_inst 040 $aDip.to Studi Giuridici$bita 082 0 $a330.10 100 1 $aShaw, Graham Keith$0458962 245 10$aAspettative razionali :$buna esposizione elementare /$cG. K. Shaw 260 $aPadova :$bCEDAM,$c1990 300 $a123 p. ;$c24 cm 650 4$aEconomia$xTeorie 650 4$aMoneta$xTeorie 907 $a.b12572408$b21-09-06$c18-11-03 912 $a991000115189707536 945 $aLE027 330.10 SHA01.01$g1$iLE027-12315$lle027$o-$pE10.85$q-$rl$s- $t0$u0$v0$w0$x0$y.i13027487$z18-11-03 996 $aAspettative razionali$9176812 997 $aUNISALENTO 998 $ale027$b10-11-03$cm$da $e-$fita$git $h0$i0 LEADER 02522oam 2200553 c 450 001 9910563018703321 005 20240525094506.0 024 7 $a10.3726/b14094 035 $a(CKB)5450000000174185 035 $a(oapen)https://directory.doabooks.org/handle/20.500.12854/32685 035 $a(PH02)9783631755921 035 $a(oapen)doab32685 035 $a(EXLCZ)995450000000174185 100 $a20240525h20181989 uy 0 101 0 $ager 135 $aurnnunnnannuu 181 $ctxt$2rdacontent 182 $cc$2rdamedia 183 $acr$2rdacarrier 200 00$aPreis- und Mengeneffekte im Gesundheitswesen$eEine Ausgabenanalyse von GKV-Behandlungsarten$fEberhard Wille, Volker Ulrich 205 $a1st, New ed. 210 $aFrankfurt a.M$cPH02$d2018 210 $d2018, c1989 215 $a1 online resource (282 p.)$c, EPDF 225 0 $aAllokation im marktwirtschaftlichen System$v28 300 $aPeter Lang GmbH, Internationaler Verlag der Wissenschaften 311 08$a3-631-75592-9 327 $aAus dem Inhalt: U.a. Die Ausgaben unter dem Aspekt der Leistungserstellung im Gesundheitswesen - Ansa?tze zur Deflationierung von Behandlungsausgaben - Analyse der Behandlungsarten mit Hilfe der Hauptkomponentenmethode. 330 $aSeit dem rapiden Wachstum der Ausgaben fu?r Gesundheit zu Beginn der 70er Jahre steht die Analyse der nominalen Ausgaben im Mittelpunkt des wissenschaftlichen und politischen Interesses. Durch die Ermittlung aussagefa?higer Preiszeitreihen fu?r spezifische Behandlungsleistungen der Gesetzlichen Krankenversicherung versucht die Arbeit aufzuzeigen, wie sich die zugrundeliegenden Preise und Mengen entwickelt haben. Darauf aufbauend wird die These vom Preisstruktureffekt zuungunsten von Gesundheitsleistungen u?berpru?ft. Ein Strukturvergleich zwischen Gesetzlicher und Privater Krankenversicherung schließt sich an. 606 $aHealth economics$2bicssc 606 $aMedical sociology$2bicssc 610 $aAusgabenanalyse 610 $aBehandlungsarten 610 $aEine 610 $aGesundheitswesen 610 $aMengeneffekte 610 $aPreis 610 $aUlrich 615 7$aHealth economics 615 7$aMedical sociology 700 $aUlrich$b Volker$4auth$01312887 702 $aWille$b Eberhard$4edt 702 $aUlrich$b Volker$4aut 801 0$bPH02 801 1$bPH02 906 $aBOOK 912 $a9910563018703321 996 $aPreis- und Mengeneffekte im Gesundheitswesen$93031075 997 $aUNINA